000
00261nam a2200109Ia 4500
008
240625s9999 xx 000 0 und d
041
_a
eng
082
_a
004.16 BRO
100
_a
BROESCH JAMES D
245
_a
DIGITAL SIGNAL PROCESSING DMYSTIFIED
260
_c
1997
999
_c
33340
_d
33340